Socialismo libertario / (Record no. 105674)

MARC details
000 -LEADER
campo de control de longitud fija 00633nam a2200217 i 4500
001 - NÚMERO DE CONTROL
campo de control 105674
003 - IDENTIFICADOR DE NÚMERO DE CONTROL
campo de control ES-MaACL
005 - FECHA Y HORA DE LA ÚLTIMA TRANSACCIÓN
campo de control 20250717065512.0
007 - CAMPO FIJO DE DESCRIPCIÓN FÍSICA--INFORMACIÓN GENERAL
campo de control de longitud fija t|
008 - DATOS DE LONGITUD FIJA--INFORMACIÓN GENERAL
campo de control de longitud fija 060803s1964 it ||||1| ita d
080 ## - NÚMERO DE LA CLASIFICACIÓN DECIMAL UNIVERSAL
Número de la Clasificación Decimal Universal 329.285
100 1# - ENTRADA PRINCIPAL--NOMBRE DE PERSONA
Nombre de persona Caffi, Andrea.
9 (RLIN) 33419
245 10 - MENCIÓN DEL TÍTULO
Título Socialismo libertario /
Mención de responsabilidad, etc. Andrea Caffi ; a cura di Gino Bianco.
260 ## - PUBLICACIÓN, DISTRIBUCIÓN, ETC.
Lugar de publicación, distribución, etc. Milano :
Nombre del editor, distribuidor, etc. Edizioni Azione Comune,
Fecha de publicación, distribución, etc. [1964]
300 ## - DESCRIPCIÓN FÍSICA
Extensión 91 p. ;
Dimensiones 21 cm.
500 ## - NOTA GENERAL
Nota general Biblioteca Juan Andrade.
650 #7 - PUNTO DE ACCESO ADICIONAL DE MATERIA--TÉRMINO DE MATERIA
Término de materia o nombre geográfico como elemento de entrada Anarquismo
Fuente del encabezamiento o término embne
9 (RLIN) 9783
700 1# - ENTRADA AGREGADA--NOMBRE PERSONAL
Nombre de persona Bianco, Gino.
9 (RLIN) 28751
852 ## - LOCALIZACIÓN
Ubicación ES-MaACL
Número de control de estantería AND-490
Sublocalización o colección R.109802
Holdings
Estatus retirado Estado de pérdida Estado de daño No para préstamo Biblioteca de origen Biblioteca actual Ubicación en estantería Fecha de adquisición Fuente de adquisición Total de préstamos Signatura topográfica completa Código de barras Visto por última vez Precio de reemplazo Tipo de ítem Koha
        Biblioteca del Ateneo de Madrid Biblioteca del Ateneo de Madrid Depósito 2 17/01/2008     AND-490 1110326 23/02/2023 23/02/2023 Libro impreso